Applied Mechanics. A Modern Approach /
Guardado en:
| Autores principales: | , |
|---|---|
| Formato: | Libro |
| Lenguaje: | inglés |
| Publicado: |
London :
Chapman and Hall,
1990
|
| Etiquetas: |
Sin Etiquetas, Sea el primero en etiquetar este registro!
|
MARC
| LEADER | 00000nam a22000003a 4500 | ||
|---|---|---|---|
| 001 | stu32318 | ||
| 005 | 20150617225732.4 | ||
| 008 | 900519s1990----uk------------------eng-d | ||
| 020 | |a 0-412-34140-9 | ||
| 040 | |a STU |b slo | ||
| 041 | 0 | |a eng | |
| 044 | |a uk | ||
| 080 | |a 531/534 |7 stu_us_auth*stu7969 | ||
| 100 | 1 | |a Sayer, F.P |4 aut | |
| 245 | 1 | |a Applied Mechanics. A Modern Approach / |c [aut.] Sayer,F.P.; Bones,J.A | |
| 260 | |a London : |b Chapman and Hall, |c 1990 | ||
| 300 | |a 340 s | ||
| 700 | 1 | |a Bones, J.A |4 aut | |
| 996 | |b J89196 |c J*89196 |l JJK10 |s P |a 0 |w stu32318_0001 | ||